Programování v Algolu /
Gespeichert in:
| 1. Verfasser: | |
|---|---|
| Format: | Buch |
| Sprache: | Tschechisch |
| Veröffentlicht: |
Praha :
Academia,
1977
|
| Ausgabe: | 3.vyd. |
| Tags: |
Keine Tags, Fügen Sie das erste Tag hinzu!
|
MARC
| LEADER | 00000nam a22000003a 4500 | ||
|---|---|---|---|
| 001 | stu610 | ||
| 005 | 20150617225618.9 | ||
| 008 | 910611s1977----cs------------------cze-d | ||
| 040 | |a STU |b slo | ||
| 041 | 0 | |a cze | |
| 044 | |a cs | ||
| 080 | |a 681.3.04 | ||
| 100 | 1 | |a Raichl, Jiří |4 aut | |
| 245 | 1 | |a Programování v Algolu / |c [aut.] Raichl,Jiří | |
| 250 | |a 3.vyd. | ||
| 260 | |a Praha : |b Academia, |c 1977 | ||
| 300 | |a 235 s | ||
| 996 | |b E39877 |c E*39877 |l EE16 |s P |a 0 |w stu610_0001 | ||
| 996 | |b 284V035917 |c V*22473/O-8879 |l VVS |s A |a 24 |w stu610_0003 | ||
| 996 | |c I*16PJ1111 |l II680 |s A |a 24 |w stu610_0004 | ||